Szczegóły MARC21

Przygotowanie do życia w rodzinie. Cz. 1, Materiały pomocnicze dla nauczycieli, wychowawców i rodziców /

003 -Nazwa inst., której nr kontr. jest w polu 001 [,]
    • @
    • Nazwa instytucji, której n kontrolny jest w polu 001
    • NUKAT
005 -DATA I CZAS OSTATNIEJ MODYFIKACJI [,]
    • @
    • pole kontrolne
    • 20241231100107.0
020 -Międzynarod. znormalizowany nr książki - ISBN [ , ]
    • a
    • Numer ISBN
    • 8386940336 Find
040 -Instytucja sporządzająca opis [ , ]
    • a
    • Instytucja, która sporządziła opis (NP)
    • KAT U/30WZ
    • c
    • Instytucja, która sporządziła rekord (NP)
    • KAT U/30WZ
    • d
    • Instytucja, która zmodyfikowała rekord (P)
    • KAT U/30MS
942 -Rodzaj dokumentu [ , ]
    • c
    • Rodzaj dokumentu
    • Książka
245 -Strefa tytułu i oznaczenia odpowiedzialności [0,0]
    • a
    • Tytuł
    • Przygotowanie do życia w rodzinie. Find
    • n
    • Oznaczenie części (P)
    • Cz. 1,
    • p
    • Nazwa części (P)
    • Materiały pomocnicze dla nauczycieli, wychowawców i rodziców /
    • c
    • Pozostałe elementy strefy tytułu i oznaczenia odpowiedzialności (NP)
    • pod red. Krystyny Ostrowskiej i Marii Ryś.
260 -Strefa adresu wydawniczego [ , ]
    • a
    • Miejsce wydania (P)
    • Warszawa :
    • b
    • Nazwa wydawcy (P)
    • Oficyna Wydawniczo-Poligraficzna "Adam",
    • c
    • Data wydania (P)
    • 1997.
300 -Strefa opisu fizycznego [ , ]
    • a
    • Określenie formy książki i/lub objętość (NP)
    • 227, [1] s. :
    • b
    • Oznaczenie ilustracji (NP)
    • il. ;
    • c
    • Format (NP)
    • 24 cm.
336 -Typ zawartości [ , ]
    • a
    • Termin opisujący typ zawartości
    • Tekst
    • b
    • Kod określający zawartość
    • txt
    • 2
    • Źródło (terminu i kodu)
    • rdacontent
337 -Typ mediów [ , ]
    • a
    • Tryb odtwarzania
    • Bez urządzenia pośredniczącego
    • b
    • Kod typu mediów
    • n
    • 2
    • Źródło (terminu i kodu)
    • rdamedia
338 -Typ/rodzaj nośnika [ , ]
    • a
    • Hasło opisujące typ nośnika
    • Wolumin
    • b
    • Kod typu nośnika
    • nc
    • 2
    • Źródło (terminu i kodu)
    • rdacarrier
504 -Uwaga dot. bibliogr. załącznikowej [ , ]
    • a
    • Uwaga dot. bibliografii załącznikowej
    • Bibliogr. przy niektórych rozdz.
080 -Uniwersalna Klasyfikacja Dziesiętna [ , ]
    • a
    • Symbol klasyfikacji
    • 371.1(438)
080 -Uniwersalna Klasyfikacja Dziesiętna [ , ]
    • a
    • Symbol klasyfikacji
    • :372.861.388(438)
080 -Uniwersalna Klasyfikacja Dziesiętna [ , ]
    • a
    • Symbol klasyfikacji
    • :372.817.6(438)
080 -Uniwersalna Klasyfikacja Dziesiętna [ , ]
    • a
    • Symbol klasyfikacji
    • :316(438)
650 -Hasło przedmiotowe [ ,7]
    • a
    • Hasło przedmiotowe
    • Przysposobienie do życia w rodzinie
    • x
    • Określnik rzeczowy
    • studia i nauczanie.
    • 2
    • Źródło terminu
    • kaba
    • 9
    • KHW
    • 477211
980 -Symbol UKD [ , ]
    • a
    • UKD
    • 371.1(438):372.861.388(438):372.817.6(438):316(438)
700 -Hasło dodatkowe - nazwa osobowa [1, ]
    • a
    • Nazwa osobowa (NP)
    • Ostrowska, Krystyna Find
    • d
    • Daty biograficzne (NP)
    • (1940-2023).
    • e
    • Określenie rodzaju współpracy
    • Red.
    • 9
    • KHW
    • 22444
700 -Hasło dodatkowe - nazwa osobowa [1, ]
    • a
    • Nazwa osobowa (NP)
    • Ryś, Maria Find
    • d
    • Daty biograficzne (NP)
    • (1955- ).
    • e
    • Określenie rodzaju współpracy
    • Red.
    • 9
    • KHW
    • 582035
710 -Hasło dodatkowe - nazwa ciała zbiorowego [2, ]
    • a
    • Nazwa ciała zbiorowego lub nazwa geograficzna jako pierwszy element (NP)
    • Oficyna Wydawniczo-Poligraficzna i Reklamowo-Handlowa "Adam".
    • 4
    • Kod relacji
    • pbl
    • 9
    • KHW
    • 88444
920 -ISBN [ , ]
    • a
    • ISBN
    • 83-86940-33-6 Find
Sygnatura Numer inwentarzowy Status udost. Data inwentaryzacji Lokalizacja
Pd.11462/1Pd.1146211998-09-10BG